000 00780nam a2200253Ia 4500
003 OSt
005 20220928130644.0
006 a|||||r|||| 00| 0
007 ta
008 220927b |||||||| |||| 00| 0 eng d
020 _c3265.1999999999998
024 _a114397
037 _b202, 15/12/2011, Pioneer Book Distributors
_cTextual
040 _aSDCL
_cSDCL
_beng
041 _2eng
_aeng
082 _aX65, Q1
100 _aBlessing Sona
_9475287
245 0 _aAlternative alternatives
_b Risk,returns and investment strategy.
260 _aChichester
_bJohn Wiley
_c2011
300 _axxii,242p
_ccm.
650 _aFinancial Studies
942 _hX65, Q1
_cTEXL
_2CC
999 _c787811
_d787811